Harrap's french-english dictionary of slang and colloquialisms / (Record no. 122541)

MARC details
000 -LEADER
fixed length control field 01523nam a22002417a 4500
005 - DATE AND TIME OF LATEST TRANSACTION
control field 20170124105912.0
010 ## - LIBRARY OF CONGRESS CONTROL NUMBER
LC control number 897784
020 ## - INTERNATIONAL STANDARD BOOK NUMBER
Terms of availability 00.00
International Standard Book Number 0245596097
035 ## - SYSTEM CONTROL NUMBER
System control number 897784
037 ## - SOURCE OF ACQUISITION
Source of stock number/acquisition Cen Lib/Ret
040 ## - CATALOGING SOURCE
Original cataloging agency DPL
Language of cataloging EN
082 ## - DEWEY DECIMAL CLASSIFICATION NUMBER
Classification number 494
Item number MAR
100 ## - MAIN ENTRY--PERSONAL NAME
Personal name Marks, Joseph
9 (RLIN) 113489
245 ## - TITLE STATEMENT
Title Harrap's french-english dictionary of slang and colloquialisms /
Statement of responsibility, etc by Joseph Marks; compiled by Georgette A. Marks [and] Albert J. Farmer
260 ## - PUBLICATION, DISTRIBUTION, ETC. (IMPRINT)
Place of publication, distribution, etc London
Name of publisher, distributor, etc George G. harrap
Date of publication, distribution, etc 1971
270 ## - ADDRESS
City London
Address 182-184 high holborn
300 ## - PHYSICAL DESCRIPTION
Extent 255p.
Dimensions 20cm(Hb)
650 ## - SUBJECT ADDED ENTRY--TOPICAL TERM
Topical term or geographic name as entry element French-english
Form subdivision Dictionary
9 (RLIN) 113490
650 ## - SUBJECT ADDED ENTRY--TOPICAL TERM
Topical term or geographic name as entry element French -- English - Dictionary
Chronological subdivision
9 (RLIN) 113491
700 ## - ADDED ENTRY--PERSONAL NAME
Personal name Marks, Georgette A.
9 (RLIN) 255
700 ## - ADDED ENTRY--PERSONAL NAME
Personal name Farmer, Albert J.
9 (RLIN) 256
942 ## - ADDED ENTRY ELEMENTS (KOHA)
Source of classification or shelving scheme Dewey Decimal Classification
Koha item type English Books
Classification part 494
Call number suffix MAR
Holdings
Withdrawn status Lost status Damaged status Not for loan Collection code Home library Current library Date acquired Source of acquisition Cost, normal purchase price Total Checkouts Full call number Barcode Date last seen Copy number Cost, replacement price Price effective from Koha item type
      Not For Loan Reference Central Library Central Library 27/05/2015 Cen Lib/Ret 0.00   494 MAR 897784 27/05/2015 1 0.00 27/05/2015 English Books

© Delhi Public Library
Hit Counter
free hit counter